• 首页
  • 本馆介绍
  • 公告通知
  • 最新文献
  • 馆藏检索
  • 电子资源
  • 读者导购
  • 参考咨询
  • 我的图书馆
  • 登录
  • 详细信息显示
  • 放入我的书架
  • 预约/预借图书
  • 作者相关作品
  • 分类相关作品
  • 丛书相关作品
  • 出版社相关作品

书目信息

  • 表格格式
  • 工作单格式
  • 卡片格式
题名:
我们身边的微型计算机
    
 
作者: 穆孝芳 编著
分册:  
出版信息: 北京   人民邮电出版社  1985
页数: 93页
开本: 19cm
丛书名: 无线电爱好者丛书
单 册:
中图分类: TP36 , TP36-49
科图分类:
主题词: 微型计算机--基本知识 , 微型计算机
电子资源:
ISBN:
000 00791nam2 2200289 45
001 0185019760
005 20040521105036.2
010    @dCNY0.55
091    @a15045.总3100-无6346
100    @a19920904d1985 em y0chiy0121 ea
101 0  @achi
102    @aCN@b110000
105    @ay z 000yy
106    @ar
200 10 @a我们身边的微型计算机@Awo men shen bian de wei xing ji suan ji@f穆孝芳编著
210    @a北京@c人民邮电出版社@d1985
215    @a93页@d19cm
225 2  @a无线电爱好者丛书
410  0 @120010@a无线电爱好者丛书
606    @a微型计算机@x基本知识
606 0  @a微型计算机
690    @aTP36@v3
690    @aTP36-49
701  0 @a穆孝芳@Amu xiao fang@4编著
801  0 @aCN@b深圳图书馆@c20040521
801  2 @aCN@bNLC@c20040521
905    @f4@b159552-555@dTP36-49@e1
    
    我们身边的微型计算机/穆孝芳编著.-北京:人民邮电出版社,1985
    93页;19cm.-(无线电爱好者丛书)
    
    
    ISBN :CNY0.55
    
●
相关链接 在E读中查询图书 在五车中查询图书 在当当中查询图书 在豆瓣中查询图书


正题名:我们身边的微型计算机     索取号:TP36-49/1         预约/预借

序号 登录号 条形码 馆藏地/架位号 状态 备注
1 0159552   001634878   密集书库/ [索取号:TP36-49/1] 在馆    
2 0159553   001634832   密集书库/ [索取号:TP36-49/1] 在馆    
3 0159554   001634814   密集书库/ [索取号:TP36-49/1] 在馆    
4 0159555   001634850   密集书库/ [索取号:TP36-49/1] 在馆    
5 0159556   001634592   第二样本阅览室/ [索取号:TP36-49/1] 在馆    
唐山师范学院图书馆 欢迎您!
大连网信软件有限公司© 版权所有